| 000 | 00720nam a2200229 a 4500 | ||
|---|---|---|---|
| 999 |
_c3190 _d3190 |
||
| 001 | 3190 | ||
| 003 | BD-JhCC | ||
| 005 | 20171112100154.0 | ||
| 008 | 171111s1985 bg ||||| |||| 00| 0 ben d | ||
| 035 | _a(BD-JhCC) | ||
| 040 |
_aBD-JhCC _dBD-JhCC |
||
| 041 | _aben | ||
| 082 |
_a305.563 _bDUT 1985 |
||
| 100 | _aদত্ত,শেখর | ||
| 245 |
_aতেভাগা আদ্নোলন / _cশেখর দত্ত |
||
| 260 |
_aঢাকা : _bবাংলা একাডেমী, _c১৯৮৫ |
||
| 300 |
_a106 p. : _c20cm. |
||
| 490 | _aSeries in honour of the Martyrs of the Language Movement of February 1952. | ||
| 650 |
_aPeasant Uprisings _xIndia -Bengali |
||
| 942 |
_2ddc _cBK |
||